Another Mixed Bag of General Knowledge - Statistics

General Stats
  • This quiz has been taken 397 times
  • The average score is 15 of 24
Answer Stats
Topic Hint Answer % Correct
Anatomy What organ breaks down alcohol? Liver
94%
Soccer / Football What country has won the World Cup 5 times? Brazil
86%
Elements What element are diamonds and peanut butter made of? Carbon
84%
Astrology What animal is Cancer? Crab
84%
Food What animal does venison come from? Deer
84%
Cars What company produces Mustangs? Ford
83%
Christianity What is the first book of the Bible? Genesis
83%
Japan What was the second city to be struck with an Atomic Bomb? Nagasaki
80%
Actors Who played Jack in Titanic? Leonardo Dicaprio
79%
Children's Literature Who went "Down the Rabbit Hole"? Alice
77%
Famous Scientists What famous physicist has Motor Neuron Disease? Stephen Hawking
77%
Geometry What is the name for a shape with nine sides? Nonagon
66%
Agriculture What is Mexico's largest crop? Corn
65%
The Internet What is the second most popular search engine in the U.S? Bing
63%
Art Picasso is to Cubism as Monet is to what? Impressionism
62%
Movie Quotes Finish the (mis)quote: Play it again, ____ Sam
59%
The Olympics Who won Four Gold Medals at the 1936 Olympics? Jesse Owens
53%
African Geography What is the capital of Somalia? Mogadishu
50%
Weather & Climate What does a Barometer measure? Air Pressure
45%
Musicians Who is Sir Richard Starkey more commonly known as? Ringo Starr
45%
The Middle Ages Who was the first Holy Roman Emperor? Charlemagne
38%
World Leaders Who was the first female leader of Pakistan? Benazir Bhutto
29%
New York City What river does the Brooklyn Bridge cross? East River
28%
Mythology Who is the Roman form of Hades? Pluto
26%
No matching quizzes found
Score Distribution
Percent of People with Each Score
Percentile by Number Answered
Your Score History
You have not taken this quiz